THERMODYNAMICS (Record no. 14366)

MARC details
000 -LEADER
fixed length control field 00317nam a22001457a 4500
003 - CONTROL NUMBER IDENTIFIER
control field SGT
020 ## - INTERNATIONAL STANDARD BOOK NUMBER
International Standard Book Number 978-0-07-462014-4
082 ## - DEWEY DECIMAL CLASSIFICATION NUMBER
Classification number 536.7
Item number ARO
100 ## - MAIN ENTRY--PERSONAL NAME
Personal name ARORA,C.P
245 ## - TITLE STATEMENT
Title THERMODYNAMICS
260 ## - PUBLICATION, DISTRIBUTION, ETC. (IMPRINT)
Place of publication, distribution, etc NEW DELHI
Name of publisher, distributor, etc MC-GRAWHILL
Year of Publication 2015
300 ## - PAGE DESCRIPTION
No. of Pages 762
650 ## - SUBJECT ADDED ENTRY--TOPICAL TERM
Topical term or geographic name as entry element MECHANICAL ENGINEERING
942 ## - ADDED ENTRY ELEMENTS (KOHA)
Source of classification or shelving scheme Dewey Decimal Classification
Koha item type Books
Holdings
Withdrawn status Lost status Source of classification or shelving scheme Damaged status Not for loan Collection code Home library Current library Shelving location Date acquired Vendor Name Cost, normal purchase price SGTU Bill Number Total Checkouts Full call number Accession No. (Barcode) Date last seen Bill Date Koha item type
    Dewey Decimal Classification     ENGINEERING SGT Engineering Library SGT Engineering Library Text Book 04/01/2018 KIRTI PRAKASHAN (NEW DELHI ) 850.00 SGTU IN1297   536.7 ARO FE6921 04/12/2019   Books
    Dewey Decimal Classification     ENGINEERING SGT Engineering Library SGT Engineering Library Text Book 04/01/2018 KIRTI PRAKASHAN (NEW DELHI ) 850.00 SGTU IN1297   536.7 ARO FE6922 04/01/2018   Books
    Dewey Decimal Classification     ENGINEERING SGT Engineering Library SGT Engineering Library Text Book 04/01/2018 KIRTI PRAKASHAN (NEW DELHI ) 850.00 SGTU IN1297   536.7 ARO FE6923 04/01/2018   Books
    Dewey Decimal Classification     ENGINEERING SGT Engineering Library SGT Engineering Library Text Book 04/01/2018 KIRTI PRAKASHAN (NEW DELHI ) 850.00 SGTU IN1297   536.7 ARO FE6924 04/01/2018   Books
    Dewey Decimal Classification     ENGINEERING SGT Engineering Library SGT Engineering Library Text Book 04/01/2018 KIRTI PRAKASHAN (NEW DELHI ) 850.00 SGTU IN1297   536.7 ARO FE6925 04/01/2018   Books